[Event "Landesliga Nord 1011"]
[Site "Bayern"]
[Date "2011.02.06"]
[Round "6.7"]
[White "Bolduan, Sebastian"]
[Black "Dietrich, Reinhard"]
[Result "1-0"]
[WhiteElo "2072"]
[BlackElo "1988"]
[PlyCount "55"]
[EventDate "2010.10.10"]
[EventType "team-tourn"]
[EventRounds "9"]
[EventCountry "GER"]
[SourceTitle "EXT 2012"]
[Source "ChessBase"]
[SourceDate "2011.11.24"]
[SourceVersion "1"]
[SourceVersionDate "2011.11.24"]
[SourceQuality "1"]
[WhiteTeam "Nuernberg NT II"]
[BlackTeam "Neutraubling"]
[WhiteTeamCountry "GER"]
[BlackTeamCountry "GER"]

1. e4 e6 2. d4 d5 3. Nc3 Nf6 4. e5 Nfd7 5. f4 c5 6. Nf3 Nc6 7. Be3 Be7 8. Qd2 0-0 9. Be2 a6 10. 0-0 b5 11. a3 Bb7 12. dxc5 Bxc5 13. Bxc5 Nxc5 14. Nd4 Nxd4 15. Qxd4 Rc8 16. Rad1 Qc7 17. Bf3 f6 18. exf6 Rxf6 19. g3 Nd7 20. Bg4 Nb6 21. Rde1 Re8 22. Rf2 Nc4 23. Rfe2 Kf7 24. Nd1 Nd6 25. Nf2 a5 26. Bh5+ g6 27. Ng4 Rf5 28. Nh6+ 1-0

[Event "Landesliga Nord 1011"]
[Site "Bayern"]
[Date "2010.12.12"]
[Round "4.6"]
[White "Krauseneck, Peter"]
[Black "Bolduan, Sebastian"]
[Result "0-1"]
[WhiteElo "2081"]
[BlackElo "2072"]
[PlyCount "98"]
[EventDate "2010.10.10"]
[EventType "team-tourn"]
[EventRounds "9"]
[EventCountry "GER"]
[SourceTitle "EXT 2012"]
[Source "ChessBase"]
[SourceDate "2011.11.24"]
[SourceVersion "1"]
[SourceVersionDate "2011.11.24"]
[SourceQuality "1"]
[WhiteTeam "Bamberg"]
[BlackTeam "Nuernberg NT II"]
[WhiteTeamCountry "GER"]
[BlackTeamCountry "GER"]

1. e4 c5 2. Nc3 d6 3. f4 g6 4. Nf3 Bg7 5. Bc4 Nf6 6. d3 0-0 7. 0-0 Nc6 8. a3 a6 9. Nd5 e6 10. Nxf6+ Bxf6 11. Ba2 b5 12. c3 Bb7 13. Qe1 Qc7 14. Be3 Ne7 15. Nd2 Rac8 16. Qg3 d5 17. e5 Nf5 18. Qh3 Be7 19. Bf2 b4 20. Bb3 bxc3 21. bxc3 c4 22. dxc4 dxc4 23. Bc2 Rfd8 24. Ne4 Bxe4 25. Bxe4 Rd2 26. g4 Ng7 27. Bd4 Bc5 28. Qe3 Bxd4 29. cxd4 c3 30. Rf2 Rxf2 31. Qxf2 Qa5 32. f5 gxf5 33. gxf5 exf5 34. Bc2 Qd5 35. Rd1 Rc6 36. Rd3 Nh5 37. Qf3 Rg6+ 38. Kf2 Qa2 39. Rxc3 Qa1 40. Rc8+ Kg7 41. Qd1 Qb2 42. Qd2 Qb7 43. Qc3 Qg2+ 44. Ke3 Qxh2 45. Bd1 Qf4+ 46. Kd3 Rg3+ 47. Ke2 Rg2+ 48. Kd3 Qf1+ 49. Ke3 Qxd1 0-1

[Event "Landesliga Nord 1011"]
[Site "Bayern"]
[Date "2010.10.24"]
[Round "2.8"]
[White "Birkmann, Guenther"]
[Black "Bolduan, Sebastian"]
[Result "0-1"]
[WhiteElo "1934"]
[BlackElo "2072"]
[PlyCount "64"]
[EventDate "2010.10.10"]
[EventType "team-tourn"]
[EventRounds "9"]
[EventCountry "GER"]
[SourceTitle "EXT 2012"]
[Source "ChessBase"]
[SourceDate "2011.11.24"]
[SourceVersion "1"]
[SourceVersionDate "2011.11.24"]
[SourceQuality "1"]
[WhiteTeam "Zirndorf"]
[BlackTeam "Nuernberg NT II"]
[WhiteTeamCountry "GER"]
[BlackTeamCountry "GER"]

1. Nf3 c5 2. c4 Nf6 3. g3 b6 4. Bg2 Bb7 5. 0-0 e6 6. Nc3 Be7 7. Re1 d5 8. cxd5 Nxd5 9. d4 0-0 10. e4 Nxc3 11. bxc3 Nd7 12. d5 exd5 13. exd5 Bf6 14. Bb2 Rc8 15. Qd2 c4 16. Ba3 Nc5 17. Ne5 Bxe5 18. Rxe5 Nd3 19. Bxf8 Nxe5 20. Qd4 f6 21. Ba3 Qd7 22. Re1 Re8 23. Kf1 Rd8 24. f4 Nd3 25. Re7 Qa4 26. Kg1 Qd1+ 27. Bf1 Bxd5 28. Rxg7+ Kxg7 29. Be7 Rd6 30. Bxd6 Qf3 31. Bf8+ Kf7 32. Bh3 Qh1# 0-1